| 000 | 00516nam a2200193Ia 4500 | ||
|---|---|---|---|
| 005 | 20260429112006.0 | ||
| 008 | 260429s9999||||xx |||||||||||||| ||und|| | ||
| 020 | _a9781647287535 | ||
| 041 | _aEnglish | ||
| 082 |
_a153.15 _bCAM |
||
| 100 | _aCamp, Holly | ||
| 245 | 0 |
_aLearning and emotion : _ba psychological perspective / _cHolly Camp |
|
| 260 |
_aUnited States : _bWillford Press, _c2025. |
||
| 300 | _aix, 235 p.; hb | ||
| 650 | _a Emotion | ||
| 650 | _a Learning | ||
| 650 | _aPsychology | ||
| 942 | _cTB | ||
| 999 |
_c51782 _d51782 |
||